| 000 | 00751nam a2200193Ii 4500 | ||
|---|---|---|---|
| 003 | JO-AjNU | ||
| 008 | 230605s9999||||xx |||||||||||||| ||und|| | ||
| 040 |
_aJO-AjNU _bara _erda _cJO-AjNU |
||
| 041 | _aara | ||
| 050 | 1 | 4 | _aHF5693 .A7.F372 1979 |
| 100 | 3 |
_aاحمد، فاروق عبد العظم /م.مشارك: مختار محمود الهانسي ، امتثال محمد حسن, _eauthor _939927 |
|
| 245 | 0 | 0 | _aمبادىء الرياضة البحتة والمالية |
| 264 | 3 | 1 | _aد.م : د.ن ،1979 |
| 300 |
_a335ص _bيحتوي على تمارين |
||
| 336 |
_atext _btxt _2rdacontent |
||
| 337 |
_aunmediated _bn _2rdamedia |
||
| 338 |
_avolume _bnc _2rdacarrier |
||
| 650 | 4 |
_aالمحاسبة المالية - الرياضيات _939928 |
|
| 999 |
_aA16903 _c20471 _d20471 |
||